000 00695nam a2200229 a 4500
001 BRL_447
005 20190320210739.0
008 130813s1953----mx-#######---#000-0#spa-#
041 _aspa
044 _amx
050 4 _aF1219.1O11
_b.L46 1953
100 1 _aLeon, Antonio De
_923943
245 1 0 _aAntigüedades Zapotecas
_bDescubrimientos hechos recientemente en las ruinas de Guiengola, Departamento de Oajaca
_cAntonio de Leon.
260 _aMéxico
_bVargas Rea
_c1953
300 _a43 p.
_c21 cm.
440 0 _aBiblioteca de Historiadores Mexicanos
_923944
500 _aAu466
650 1 4 _aZapotecas
_910464
651 4 _aOaxaca
_xAntigüedades
_923945
902 _aGRL
942 _2lcc
_cB
999 _c9259
_d9259